Леонардо да Винчи (Запис номер 386480)
[ съкратено ]
| 000 -Лидер | |
|---|---|
| Контролно поле с фиксирана дължина | nam a22 a 4500 |
| 003 - Код на организацията, давaща контролен номер | |
| Контролно поле | BLK |
| 005 - Дата и час на последна редакция | |
| Контролно поле | 20230428151920.0 |
| 008 - Елементи от данни с фиксирана дължина | |
| fixed length control field | 200828b bu ||||| |||| 00| 0 bu d |
| 040 ## - Източник на каталожния запис | |
| Идентификатор на билиотеката - собственик на записа | BLK |
| 041 ## - Код за език | |
| Код за езика на текст/звукозапис или на отделно заглавие | Български |
| Код за езика КДБФ | Български |
| 080 ## - УДК | |
| Текстов определител УДК | Изобразителни изкуства и художествени занаяти |
| УДК код - определител по УДК | 73/76 |
| УДК определител | .034.071.1(45)(092) |
| УДК - код + определител | 73/76.034.071.1(45)(092) |
| 080 ## - УДК | |
| Текстов определител УДК | Италиански архитект, изобретател, инженер, скулптор и художник от епохата на Ренесанса |
| УДК код - определител по УДК | 929 Леонардо да Винчи |
| УДК - код + определител | 929 Леонардо да Винчи |
| 100 ## - Редна дума - Автор | |
| Автор | Миляев, Василий Евгениевич |
| Авторска отговорност | Първи автор |
| R(LIN) | 432772 |
| 139 ## - Редно поле | |
| Редна дума | Миляев, Василий Евгениевич |
| 245 10 - Сведения за заглавието | |
| Заглавие | Леонардо да Винчи |
| Подзаглавни данни | Очерк |
| Редно поле (дума) | В. Миляев ; Прев. М. Москов |
| 257 ## - Страна на издаване | |
| Страна на създаване/издаване | България |
| 260 ## - Област на издателските данни | |
| Място на издаване, разпространение и проч. | Търново |
| Име на издателя, разпространителя и проч. | Книж. Е. п. Христов |
| Година на издаване | 1895 |
| Печатница | Търново : скоропеч. Пано Иванов, 1895 |
| 300 ## - Физическа характеристика | |
| Страници | 46 с. |
| Илюстрации и др. | 1 л. : портр. |
| Размери/Мащаб | 25 см |
| 380 ## - Жанр | |
| Жанр | Изкуство |
| 490 ## - СЕРИИ (Колекции) | |
| 9 (RLIN) | 435080 |
| Име на серия | Колекция Редки и ценни издания |
| 600 #0 - Име на лице, използвано като предмет | |
| 9 (RLIN) | 426493 |
| За него / За нея | Винчи, Леонардо да |
| 650 #0 - Допълнително описание по предмет – тема | |
| 9 (RLIN) | 291979 |
| Основно описание – тема или топоним | Изобразително изкуство, ренесансово |
| 653 #7 - Ключова дума – ненормативна | |
| 9 (RLIN) | 187932 |
| Ключова дума | италиански художници |
| 700 ## - Други автори (авторска отговорност) | |
| Лично име | Москов, Моско |
| Пълна форма на името | Груев, Моско Москов |
| Дати, свързани с автора | 1863-1947 |
| Друга информация | Писател, преводач, културен деец |
| Автороска отговорност (Описва отношението между автора и произведението) | прев. |
| 9 (RLIN) | 302786 |
| 852 ## - Местоположение | |
| Форматна сигнатура | Рб 895 |
| Фондова буква | Редки и ценни |
| 856 4# - Електронен адрес и достъп | |
| Електронен формат | pdf - файл |
| Път до файла /url/ | |
| Инструкция (цена за достъп) | 0.00 |
| Права за достъп | disable |
| 856 4# - Електронен адрес и достъп | |
| Електронен формат | pdf - файл |
| Път до файла /url/ | |
| Инструкция (цена за достъп) | 0.00 |
| Права за достъп | disable |
| 999 ## - СИСТЕМНИ КОНТРОЛНИ НОМЕРА | |
| Koha biblionumber | 386480 |
| Koha biblioitemnumber | 386480 |
| 942 ## - АРТИКУЛИ | |
| Вид на библиотечния материал | Книги |
| Скрит в OPAC | Не |
| Периодичен библиозапис | Да |
| 944 ## - СЪЗДАВАНЕ И РЕДАКЦИЯ на ЗАПИСА | |
| Създаване/Редакция | Създаване |
| Дата на регистрацията/редакция | 2020-08-28 |
| Служител, извършил регистрацията/редакцията | К.Д. |
| 944 ## - СЪЗДАВАНЕ И РЕДАКЦИЯ на ЗАПИСА | |
| Създаване/Редакция | Редакция |
| Дата на регистрацията/редакция | 2020-09-29 |
| Служител, извършил регистрацията/редакцията | ГГГ |
| 999 ## - СИСТЕМНИ КОНТРОЛНИ НОМЕРА | |
| Koha biblioitemnumber | 386480 |
| 999 ## - СИСТЕМНИ КОНТРОЛНИ НОМЕРА | |
| Koha biblioitemnumber | 386480 |
| 999 ## - СИСТЕМНИ КОНТРОЛНИ НОМЕРА | |
| Koha biblioitemnumber | 386480 |
| Код за отписване | Код за изгубен артикул | Източник на класификационната схема | Код за повреда | Коз за рестрикции | Код за отдаване | Артикулен № | Име на библиотеката - собственик | Име на библиотеката, в която се намира в момента | Статус (Текущо местоположение) | Дата на вписване в системата | Местоположение - отдел | Цена в лева | Инвентарен номер | Систематично азбучна сигнатура | Баркод | Цена в евро | Служебен тип на артикула |
|---|---|---|---|---|---|---|---|---|---|---|---|---|---|---|---|---|---|
| Не е изгубен | Universal Decimal Classification | Не е повреден | само за читалня | Специални фондове ( старопечатни, редки и ценни, фонд М. Арнаудов) | 802202 | Регионална библиотека "Любен Каравелов" Русе | Регионална библиотека "Любен Каравелов" Русе | Редки и ценни | 2020-10-01 | Редки и ценни | 0.00 | 506809 | Рб 895 | 120000506809 | 0.00 | Книги |